Visualizzazione normale
Vista MARC
- Episcopado
di Topical Term
Records bibliografici associati: 1
001 - CONTROL NUMBER
- control field: 51681
003 - CONTROL NUMBER IDENTIFIER
- control field: IT-RoINE
005 - DATE AND TIME OF LATEST TRANSACTION
- control field: 20201021063119.0
008 - FIXED-LENGTH DATA ELEMENTS
- fixed length control field: 180716|| aca||aabn | a|a d
040 ## - CATALOGING SOURCE
- Original cataloging agency: IT-RoINE
- Transcribing agency: IT-RoINE
150 ## - HEADING--TOPICAL TERM
- Topical term or geographic name as entry element: Episcopado
- Chronological subdivision: Siglo 3o.
- General subdivision: Fuentes
670 ## - SOURCE DATA FOUND
- Source citation: Work cat.: (IT-RoINE)0: Scipioni, Luigi I., 40512 1927- , Vescovo e popolo :, 1977.